=LDR 00000nam 2200000 4500 =001 INLIS000000000008104 =005 20130612100021 =008 ***********************************Ind** =035 ##$$0010-061300000008104 =041 ##$$a Ind =082 ##$$a F Rom K =090 ##$$a F Rom K, Chi s =100 ##$$a Chicho, Saito =245 ##$$a The other marionette, Saitochieko =260 ##$$a 2002 $b Jakarta =300 ##$$a ...jil, ilus, 17 cm =650 ##$$a Fiksi anak-anak =850 ##$$a NBPNMAT